000 00669cam a2200229 4500
001 sa 68013763
003 DLC
005 20260227112625.0
008 691204s1967 ii a 000 0 eng
010 _asa 68013763
025 _aPL480:I-E-11035
040 _aDLC
_cDLC
_dDLC
043 _aa-ii---
050 0 0 _aPN2885.M3
_bK3
082 0 0 _a792/.0954/792
100 1 _aKale, Ke. Nārāyaṇa,
_d1904-1974.
245 1 0 _aTheatre in Maharashtra
_c[by] K. Narayan Kale.
260 _a[New Delhi]
_bMaharashtra Information Centre, Govt. of Maharashtra,
_c[1967]
300 _a[a]-b, 23 p.
_billus.
_c21 cm.
350 _a0.50
650 0 _aTheater
_zIndia
_zMaharashtra.
999 _c85325
_d85325